| 000 | 01199nam a2200229Ia 4500 | ||
|---|---|---|---|
| 003 | Ost | ||
| 005 | 20260507075100.0 | ||
| 008 | 260507s9999||||xx |||||||||||||| ||und|| | ||
| 020 | _a9957900983 | ||
| 040 | _cfsecg | ||
| 041 | _aara | ||
| 082 | _a388.4 | ||
| 100 |
_aمحمد، صباح محمود _eمؤلف |
||
| 245 | 0 |
_aالمدخل في تخطيط النقل الحضري / _c صباح محمود محمد |
|
| 260 |
_aعمان: _bمؤسسة الوراق, _c2002 |
||
| 300 |
_a201 صفحة؛ _bإيضاحات ؛ _c24 سم |
||
| 520 | _aالنقل في العاصمة الحديثة،تخطيط النقل في مناطق المدن الكبرى،الحاسبات وتخطيط النقل الحضري،النقل داخل المدن،المشاكل التخطيطية في المدن،مدخل إلى سلامة الطرق الحضرية،تخطيط النقل الحضري في دولة قطر،تخطيط النقل الحضري | ||
| 653 | _aالمواصلات | ||
| 653 | _aالنقل | ||
| 653 | _aالنقل الحضري- قطر | ||
| 942 | _cكتاب | ||
| 999 |
_c42788 _d42788 |
||